000 00379nam a2200145Ia 4500
008 230917s9999||||xx |||||||||||||| ||und||
040 _e69171
_aMAIN
041 _aEnglish
082 _a595.7 M961E
100 _aMurray, Andrew
245 0 _aEconomic entomology
260 _aNew Delhi
_bInter national Books & periodical supply service
_c1984
300 _a433 p.
942 _cBK
999 _c52435
_d52435